Earth and Space /
Contenido: 1) Introducción; 2) La Tierra: una introducción; 3) Actividad de la Tierra: terremotos; 4) Actividad de la Tierra: actividad volcánica; 5) Actividad de la Tierra: cómo se forman las rocas; 6) Dentro de la Tierra; 7) La Tierra cambia de cara: deriva continental y expansión del fondo del ma...
Guardat en:
| Autor principal: | |
|---|---|
| Altres autors: | , |
| Format: | Llibre |
| Idioma: | anglès |
| Publicat: |
Milton Keynes, Inglaterra :
Open University,
2007, c2007
|
| Col·lecció: | (Exploring Science)
(Science. Level 1) |
| Matèries: | |
| Etiquetes: |
Sense etiquetes, Sigues el primer a etiquetar aquest registre!
|
MARC
| LEADER | 00000nam^a2200000^a^4500 | ||
|---|---|---|---|
| 001 | 000328000 | ||
| 005 | 20250521000000.0 | ||
| 009 | 20260310113853.269 | ||
| 020 | |a 978-1-8487-3163-9 | ||
| 037 | |a Acervo ITESO - Biblioteca | ||
| 041 | |a ING | ||
| 082 | |a 500. |b EXP UNO V. 2 | ||
| 100 | |a Blake, Stephen |e (autor) | ||
| 240 | 1 | 1 | |a [Exploring Science] |
| 245 | 1 | 0 | |a Earth and Space / |c S. Blake, S. Serjeant, S. Smith. |
| 264 | 4 | |a Milton Keynes, Inglaterra : |b Open University, |c 2007, c2007 | |
| 300 | |a 250 p. | ||
| 336 | |a texto |b txt |2 rdacontenido | ||
| 337 | |a sin mediación |b n |2 rdamedio | ||
| 338 | |a volumen |b nc |2 rdasoporte | ||
| 440 | 1 | |a (Exploring Science) | |
| 440 | 1 | |a (Science. |p Level 1) | |
| 520 | |a Contenido: 1) Introducción; 2) La Tierra: una introducción; 3) Actividad de la Tierra: terremotos; 4) Actividad de la Tierra: actividad volcánica; 5) Actividad de la Tierra: cómo se forman las rocas; 6) Dentro de la Tierra; 7) La Tierra cambia de cara: deriva continental y expansión del fondo del mar; 8) Teoría de placas tectónicas; 9) Movimiento de placas e historia de la Tierra; 10) Tectónica de placas y la Tierra; 11) Vecindario planetario; 12) Nuestro Sol y las estrellas; 13) La límite del universo observable; 14) Movimiento y gravedad. | ||
| 649 | |a XX | ||
| 650 | |a Rocas | ||
| 650 | |a Erupciones Volcánicas | ||
| 650 | |a Placas Tectónicas | ||
| 650 | |a Tierra - |x Superficie - |x Tema Principal | ||
| 650 | |a Tierra - |x Tema Principal | ||
| 650 | |a Sistema Solar | ||
| 650 | |a Geología | ||
| 650 | |a Ciencias de la Tierra | ||
| 650 | |a Ciencia - |x Generalidades | ||
| 650 | |a Ciencia - |x Estudio y Enseñanza | ||
| 700 | |a Serjeant, Stephen |e (autor) | ||
| 700 | |a Smith, Sandy |e (autor) | ||
| 910 | |a Fondo General | ||
| 920 | |a Impresos - Libros | ||
| 930 | |a Colección General | ||
| 905 | |a 101 | ||
| 901 | |a 0500217174 |b IT1 |c ACC |i C135939 |u 20250521 | ||
| 902 | |a https://opac.biblio.iteso.mx/vufind/Record/000328000 | ||